[Event "Wch U14 Girls"]
[Site "Montesilvano"]
[Date "2023.11.24"]
[Round "11"]
[White "Mou, Iris Zhaoying"]
[Black "Natoli, Alessia"]
[Result "1-0"]
[WhiteElo "2086"]
[BlackElo "1756"]
[PlyCount "53"]
[EventDate "2023.11.13"]
[EventType "swiss"]
[EventRounds "11"]
[EventCountry "ITA"]
[SourceTitle "CB48_2023"]
[SourceDate "2023.11.29"]
[SourceVersion "1"]
[SourceVersionDate "2023.11.29"]
[SourceQuality "1"]

1. e4 c5 2. Nf3 Nc6 3. Bb5 e6 4. Bxc6 bxc6 5. 0-0 Ne7 6. b3 f6 7. h4 e5 8. c3 d5 9. Qe2 a5 10. d3 a4 11. bxa4 c4 12. dxc4 Rxa4 13. cxd5 Ba6 14. Qc2 Qa5 15. Rd1 cxd5 16. exd5 Nc8 17. Nbd2 Bc4 18. Nxc4 Rxc4 19. Qf5 Nd6 20. Qe6+ Be7 21. Rb1 Qc7 22. Ba3 Kd8 23. Nd2 Ra4 24. Bc5 Nc8 25. d6 Bxd6 26. Bxd6 Nxd6 27. Ne4 1-0

[Event "Wch U14 Girls"]
[Site "Montesilvano"]
[Date "2023.11.23"]
[Round "10"]
[White "Natoli, Alessia"]
[Black "Orazalina, Nursulu"]
[Result "1-0"]
[WhiteElo "1756"]
[BlackElo "1428"]
[PlyCount "57"]
[EventDate "2023.11.13"]
[EventType "swiss"]
[EventRounds "11"]
[EventCountry "ITA"]
[SourceTitle "CB48_2023"]
[SourceDate "2023.11.29"]
[SourceVersion "1"]
[SourceVersionDate "2023.11.29"]
[SourceQuality "1"]

1. d4 d5 2. c4 c6 3. Nf3 Nf6 4. Nc3 e6 5. e3 Nbd7 6. Qc2 a6 7. b3 b6 8. Bd3 Bb7 9. 0-0 Be7 10. Bb2 c5 11. cxd5 exd5 12. Rad1 Rc8 13. Qe2 a5 14. dxc5 bxc5 15. e4 d4 16. Nb1 Qc7 17. Na3 0-0 18. Nc4 Bd6 19. Rde1 Rfe8 20. Qc2 h6 21. Bc1 Ba6 22. Nxd6 Qxd6 23. e5 Bxd3 24. Qxd3 Qc6 25. exf6 Nxf6 26. Ne5 Qd5 27. Nc4 Ne4 28. f3 Nc3 29. Nb6 1-0

[Event "Wch U14 Girls"]
[Site "Montesilvano"]
[Date "2023.11.22"]
[Round "9"]
[White "Rice, Leah"]
[Black "Natoli, Alessia"]
[Result "0-1"]
[WhiteElo "1499"]
[BlackElo "1756"]
[PlyCount "70"]
[EventDate "2023.11.13"]
[EventType "swiss"]
[EventRounds "11"]
[EventCountry "ITA"]
[SourceTitle "CB48_2023"]
[SourceDate "2023.11.29"]
[SourceVersion "1"]
[SourceVersionDate "2023.11.29"]
[SourceQuality "1"]

1. d4 Nf6 2. Nf3 b6 3. e3 Bb7 4. Bd3 d5 5. b3 g6 6. Bb2 Bg7 7. 0-0 0-0 8. Nbd2 c5 9. Qe2 Ne4 10. c4 e6 11. Rab1 Nd7 12. Rfd1 Qe7 13. Bc2 f5 14. Ne5 cxd4 15. Nxd7 Nxd2 16. Nxf8 Nxb1 17. Nxg6 hxg6 18. Bxb1 dxe3 19. Bxg7 exf2+ 20. Kxf2 Kxg7 21. cxd5 Qc5+ 22. Kf1 Bxd5 23. Qe5+ Kf7 24. Qf4 Rh8 25. Rc1 Qb5+ 26. Kg1 Qe2 27. Qg3 Qb2 28. Rc7+ Kf6 29. Bxf5 Qd4+ 30. Kf1 exf5 31. Qd6+ Kg5 32. h4+ Rxh4 33. Qd8+ Kg4 34. Rd7 Rh1+ 35. Ke2 Qd1+ 0-1

[Event "Wch U14 Girls"]
[Site "Montesilvano"]
[Date "2023.11.17"]
[Round "5"]
[White "Kaliakhmet, Elnaz"]
[Black "Natoli, Alessia"]
[Result "1-0"]
[WhiteElo "1933"]
[BlackElo "1756"]
[PlyCount "85"]
[EventDate "2023.11.13"]
[EventType "swiss"]
[EventRounds "11"]
[EventCountry "ITA"]
[SourceTitle "CB48_2023"]
[SourceDate "2023.11.29"]
[SourceVersion "1"]
[SourceVersionDate "2023.11.29"]
[SourceQuality "1"]

1. d4 d5 2. c4 dxc4 3. Nf3 Nf6 4. e3 e6 5. Bxc4 c5 6. 0-0 a6 7. Qe2 b5 8. Bd3 Bb7 9. dxc5 Nc6 10. Rd1 Qc7 11. a3 Bxc5 12. b4 Be7 13. Bb2 0-0 14. Nbd2 Rad8 15. Rac1 Qb8 16. Nb3 e5 17. Bb1 Rfe8 18. Nc5 Bxc5 19. Rxc5 e4 20. Rxd8 Rxd8 21. Ne5 Qd6 22. Nxc6 Bxc6 23. Bd4 Nd7 24. Qg4 g6 25. Rc1 Re8 26. Ba2 Bd5 27. Bxd5 Qxd5 28. h3 Nf8 29. Rc5 Qe6 30. Qf4 Nd7 31. Rc7 f6 32. Rc1 Ne5 33. Qxe4 Nc4 34. Qf4 Rf8 35. a4 bxa4 36. Bc5 Ne5 37. Bxf8 Kxf8 38. Qd4 a3 39. Ra1 Qb3 40. Qd6+ Kg7 41. Qe7+ Kh6 42. Qxf6 Nc4 43. Qf8+ 1-0

[Event "POL-ch Blitz U18 Girls"]
[Site "Bydgoszcz"]
[Date "2023.08.31"]
[Round "9"]
[White "Michalska, Lena"]
[Black "Natoli, Alessia"]
[Result "0-1"]
[WhiteElo "1351"]
[BlackElo "1841"]
[PlyCount "170"]
[EventDate "2023.08.28"]
[EventType "swiss"]
[EventRounds "9"]
[EventCountry "POL"]
[SourceTitle "EXT 2024"]
[Source "ChessBase"]
[SourceDate "2023.10.10"]
[SourceVersion "1"]
[SourceVersionDate "2023.10.10"]
[SourceQuality "1"]

1. c4 Nf6 2. Nf3 g6 3. Nc3 Bg7 4. b3 0-0 5. Bb2 d6 6. d4 Nbd7 7. g3 c6 8. e4 e5 9. d5 c5 10. Bg2 Qe7 11. Qe2 a6 12. 0-0 h6 13. Nd2 Nh7 14. Rae1 f5 15. f4 exf4 16. Rxf4 Ne5 17. exf5 Bxf5 18. h3 g5 19. Rff1 Bg6 20. g4 Rae8 21. Nde4 Qd7 22. Kh2 Nf6 23. Nxf6+ Bxf6 24. Ne4 Bg7 25. Rxf8+ Rxf8 26. Nxc5 Nxg4+ 27. hxg4 dxc5 28. Bxg7 Qxg7 29. Qe6+ Kh8 30. Re2 Bh7 31. Be4 Qd4 32. Bf5 Qf4+ 33. Kg2 Bxf5 34. gxf5 Qg4+ 35. Kh1 Qf3+ 36. Kh2 Qf4+ 37. Kg2 Qxf5 38. Qxf5 Rxf5 39. Re8+ Kg7 40. Re7+ Rf7 41. Re6 Rf6 42. Re7+ Rf7 43. Re6 h5 44. Kg3 Rd7 45. Re5 Kf6 46. Re6+ Kf5 47. Kf3 h4 48. Rh6 Rf7 49. Kg2 Kg4 50. Re6 h3+ 51. Kg1 Kh4 52. d6 Rd7 53. Kh2 g4 54. Rh6+ Kg5 55. Re6 Kf5 56. Rh6 Kf4 57. Rf6+ Ke5 58. Rg6 Rxd6 59. Rxg4 Rd2+ 60. Kxh3 Rxa2 61. Rg7 b5 62. Rb7 Ra3 63. cxb5 Rxb3+ 64. Kg2 axb5 65. Kf2 Kd4 66. Ke2 Kc3 67. Rb8 c4 68. Rc8 Rb2+ 69. Ke3 b4 70. Rc6 Kb3 71. Rc7 c3 72. Kd3 Rd2+ 73. Ke3 Rd6 74. Ke2 Kb2 75. Rc4 b3 76. Ke3 c2 77. Ke4 c1Q 78. Rxc1 Kxc1 79. Ke5 Rd2 80. Ke6 b2 81. Kf5 b1Q+ 82. Kg4 Qe4+ 83. Kh3 Qg2+ 84. Kh4 Rd8 85. Kh5 Rh8# 0-1

[Event "POL-ch Rapid U18 Girls"]
[Site "Bydgoszcz"]
[Date "2023.08.30"]
[Round "11"]
[White "Natoli, Alessia"]
[Black "Obukhava, Anastasiya"]
[Result "0-1"]
[WhiteElo "1693"]
[BlackElo "1678"]
[PlyCount "78"]
[EventDate "2023.08.28"]
[EventType "swiss"]
[EventRounds "11"]
[EventCountry "POL"]
[SourceTitle "EXT 2024"]
[Source "ChessBase"]
[SourceDate "2023.10.10"]
[SourceVersion "1"]
[SourceVersionDate "2023.10.10"]
[SourceQuality "1"]

1. e4 c5 2. Nc3 e6 3. f4 d5 4. Bb5+ Bd7 5. Bxd7+ Qxd7 6. d3 Nc6 7. Nf3 d4 8. Ne2 Nf6 9. Bd2 Be7 10. 0-0 0-0 11. h3 Qc7 12. Qe1 Nd7 13. g4 f5 14. gxf5 exf5 15. e5 Nd8 16. Qg3 Ne6 17. h4 Qd8 18. Kf2 Qe8 19. Qh3 Qh5 20. Rg1 Nb6 21. Qh1 Rad8 22. Ng3 Qf7 23. h5 Nd5 24. Ne2 Kh8 25. Rg3 Nb6 26. Ba5 Rd7 27. Bxb6 axb6 28. a4 c4 29. dxc4 Nc5 30. Nd2 d3 31. cxd3 Nxd3+ 32. Rxd3 Rxd3 33. Nf3 Bc5+ 34. Kg2 Qxc4 35. Qc1 Qe4 36. Qf1 Rfd8 37. Ng3 Qxf4 38. Re1 Qg4 39. Kh2 Qxf3 0-1

[Event "POL-ch Rapid U18 Girls"]
[Site "Bydgoszcz"]
[Date "2023.08.29"]
[Round "6"]
[White "Kicinska, Anna"]
[Black "Natoli, Alessia"]
[Result "1-0"]
[WhiteElo "1320"]
[BlackElo "1693"]
[PlyCount "37"]
[EventDate "2023.08.28"]
[EventType "swiss"]
[EventRounds "11"]
[EventCountry "POL"]
[SourceTitle "EXT 2024"]
[Source "ChessBase"]
[SourceDate "2023.10.10"]
[SourceVersion "1"]
[SourceVersionDate "2023.10.10"]
[SourceQuality "1"]

1. d4 Nf6 2. Nf3 d5 3. Bg5 e6 4. e3 Be7 5. Bd3 0-0 6. c3 Nbd7 7. Nbd2 c5 8. 0-0 b6 9. Ne5 Bb7 10. Qa4 Nxe5 11. dxe5 Nd7 12. Qh4 h6 13. Bxe7 Qc7 14. Bxf8 Nxe5 15. Bxg7 Nxd3 16. Qxh6 f5 17. Bf6 Ne5 18. Qh8+ Kf7 19. Qg7+ 1-0

[Event "POL-ch Rapid U18 Girls"]
[Site "Bydgoszcz"]
[Date "2023.08.29"]
[Round "4"]
[White "Natoli, Alessia"]
[Black "Klintsevich, Aliaksandra"]
[Result "1/2-1/2"]
[WhiteElo "1693"]
[BlackElo "1641"]
[PlyCount "116"]
[EventDate "2023.08.28"]
[EventType "swiss"]
[EventRounds "11"]
[EventCountry "POL"]
[SourceTitle "EXT 2024"]
[Source "ChessBase"]
[SourceDate "2023.10.10"]
[SourceVersion "1"]
[SourceVersionDate "2023.10.10"]
[SourceQuality "1"]

1. e4 Nc6 2. Nc3 e5 3. Nf3 Nf6 4. a3 Be7 5. d4 exd4 6. Nxd4 Nxd4 7. Qxd4 d6 8. Be2 0-0 9. f3 Be6 10. Be3 c6 11. 0-0-0 b5 12. g4 a5 13. g5 Nd7 14. f4 c5 15. Qd2 b4 16. Nb1 Nb6 17. f5 Nc4 18. Bxc4 Bxc4 19. b3 Ba6 20. f6 gxf6 21. gxf6 Bxf6 22. Bh6 Re8 23. Rhg1+ Kh8 24. Qg2 Rg8 25. Qxg8+ Qxg8 26. Rxg8+ Rxg8 27. Rxd6 Rg6 28. e5 Bxe5 29. Rxg6 hxg6 30. axb4 cxb4 31. h4 f5 32. Nd2 Be2 33. Nb1 f4 34. Kd2 f3 35. Ke3 Bd1 36. Nd2 Bc3 37. Nxf3 Bxc2 38. Nd4 a4 39. bxa4 Bxa4 40. Kd3 Be1 41. Bg5 Kg7 42. Nf3 Bf2 43. Bd2 b3 44. Kc4 b2 45. Bc3+ Kh6 46. Bxb2 Bc6 47. Ne5 Bg2 48. Ng4+ Kh5 49. Nxf2 Kxh4 50. Kd3 g5 51. Bd4 g4 52. Nd1 Kh3 53. Ke3 g3 54. Nc3 Bc6 55. Ne2 g2 56. Kf2 Kh2 57. Ng1 Kh1 58. Be5 Bf3 1/2-1/2

[Event "ITA-chT (Women)"]
[Site "Bacoli"]
[Date "2023.05.01"]
[Round "7.1"]
[White "Natoli, Alessia"]
[Black "De Nisi, Roberta"]
[Result "1-0"]
[WhiteElo "1851"]
[BlackElo "1760"]
[PlyCount "69"]
[EventDate "2023.04.25"]
[EventType "team-tourn"]
[EventRounds "7"]
[EventCountry "ITA"]
[SourceTitle "CBM 214 Extra"]
[Source "ChessBase"]
[SourceDate "2023.07.31"]
[SourceVersion "1"]
[SourceVersionDate "2023.07.31"]
[SourceQuality "1"]

1. e4 e6 2. d4 d5 3. Nc3 Nf6 4. e5 Nfd7 5. f4 h5 6. Nf3 Be7 7. Be3 a6 8. Bd3 c5 9. f5 Nf8 10. fxe6 Bxe6 11. dxc5 Nc6 12. Be2 Ng6 13. 0-0 h4 14. Kh1 Ngxe5 15. Nxe5 Nxe5 16. Bd4 Qc7 17. Bf3 0-0-0 18. b4 Bf6 19. Be2 Nc6 20. Bxf6 gxf6 21. b5 axb5 22. Nxb5 Qe5 23. Rb1 Rdg8 24. Nd6+ Kd8 25. Nxb7+ Ke8 26. Bb5 Rxg2 27. Bxc6+ Kf8 28. Kxg2 Rg8+ 29. Kh1 h3 30. Qe1 Qc7 31. Nd6 Qxc6 32. Rb8+ Ke7 33. Rxg8 Qxc5 34. Nf5+ Kd7 35. Qe3 1-0

[Event "ITA-chT (Women)"]
[Site "Bacoli"]
[Date "2023.04.28"]
[Round "3.1"]
[White "Natoli, Alessia"]
[Black "Osmak, Iulija"]
[Result "0-1"]
[WhiteElo "1851"]
[BlackElo "2445"]
[PlyCount "62"]
[EventDate "2023.04.25"]
[EventType "team-tourn"]
[EventRounds "7"]
[EventCountry "ITA"]
[SourceTitle "CBM 214 Extra"]
[Source "ChessBase"]
[SourceDate "2023.07.31"]
[SourceVersion "1"]
[SourceVersionDate "2023.07.31"]
[SourceQuality "1"]

1. e4 c5 2. Nc3 d6 3. f4 g6 4. Nf3 Bg7 5. Bb5+ Bd7 6. Bxd7+ Qxd7 7. d3 Nc6 8. Bd2 f5 9. Qe2 Nh6 10. 0-0 0-0 11. Rae1 Rae8 12. e5 dxe5 13. fxe5 e6 14. Bxh6 Bxh6 15. Qf2 Nd4 16. Nd1 Qa4 17. c3 Nxf3+ 18. Qxf3 Rf7 19. a3 Rd7 20. Nf2 Red8 21. Re2 Qb3 22. g3 c4 23. dxc4 Qxc4 24. Rfe1 Qb3 25. Qg2 Bd2 26. Rb1 Bxc3 27. Qf1 Bd4 28. Qe1 Bb6 29. Kg2 Qd5+ 30. Kg1 Qf3 31. Qf1 Rd1 0-1

[Event "EU-ch Rapid"]
[Site "Katowice"]
[Date "2022.12.17"]
[Round "1"]
[White "Seemann, Jakub"]
[Black "Natoli, Alessia"]
[Result "1-0"]
[WhiteElo "2365"]
[BlackElo "1813"]
[PlyCount "83"]
[EventDate "2022.12.17"]
[EventType "swiss (rapid)"]
[EventRounds "11"]
[EventCountry "POL"]
[SourceTitle "CBM 211 Extra"]
[Source "ChessBase"]
[SourceDate "2023.01.31"]
[SourceVersion "1"]
[SourceVersionDate "2023.01.31"]
[SourceQuality "1"]

1. d4 Nf6 2. c4 e6 3. Nf3 Bb4+ 4. Bd2 Qe7 5. g3 0-0 6. Bg2 d5 7. 0-0 c5 8. Bxb4 cxb4 9. Nbd2 Nc6 10. Qc2 Rd8 11. Rfd1 Bd7 12. e4 Rac8 13. e5 Ne8 14. b3 b5 15. c5 f6 16. exf6 gxf6 17. Re1 Ng7 18. Nf1 Be8 19. Qb2 Bf7 20. Rad1 Re8 21. Nh4 Qc7 22. Ne3 Bg6 23. f4 Ne7 24. Qd2 a5 25. Bf1 Rcd8 26. Bxb5 Rf8 27. Bd3 e5 28. Bxg6 hxg6 29. fxe5 fxe5 30. Ng4 e4 31. Ne5 Rf6 32. Rf1 Rdf8 33. Rxf6 Rxf6 34. Qg5 Re6 35. Rf1 Nef5 36. Nhxg6 e3 37. Rxf5 Nxf5 38. Qxf5 Re8 39. Nd7 Qc6 40. Nf6+ Qxf6 41. Qxf6 e2 42. Ne7+ 1-0

[Event "Wch U14 Girls"]
[Site "Mamaia"]
[Date "2022.09.12"]
[Round "7"]
[White "Nguyen, Ngoc Hien1111"]
[Black "Natoli, Alessia"]
[Result "1-0"]
[WhiteElo "1377"]
[BlackElo "1738"]
[PlyCount "123"]
[EventDate "2022.09.06"]
[EventType "swiss"]
[EventRounds "11"]
[EventCountry "ROU"]
[SourceTitle "CBM 210 Extra"]
[Source "ChessBase"]
[SourceDate "2022.11.30"]
[SourceVersion "1"]
[SourceVersionDate "2022.11.30"]
[SourceQuality "1"]

1. d4 Nf6 2. Nf3 d6 3. Nbd2 Nbd7 4. e4 e5 5. c3 g6 6. Bd3 Bg7 7. 0-0 0-0 8. Re1 c6 9. dxe5 Nxe5 10. Nxe5 dxe5 11. Nf3 Qc7 12. h3 h6 13. Qc2 Be6 14. Bf1 Kh7 15. b3 Rg8 16. a4 Nd7 17. Be3 Raf8 18. Nh4 Qd8 19. g3 Bf6 20. Nf3 Be7 21. Qd2 g5 22. g4 h5 23. Nh2 Nc5 24. Qxd8 Rxd8 25. Bxc5 Bxc5 26. b4 Be7 27. f3 h4 28. Be2 a5 29. bxa5 Bc5+ 30. Kh1 Bf2 31. Red1 Bb3 32. Rxd8 Rxd8 33. Nf1 Be6 34. Rb1 Rd7 35. Rb2 Be1 36. Rb6 c5 37. Bb5 Rc7 38. a6 bxa6 39. Rxa6 Bxc3 40. Ne3 Bd4 41. Nd5 Rc8 42. Bc4 Rb8 43. a5 Rb1+ 44. Kg2 Rb2+ 45. Kf1 Rf2+ 46. Ke1 Rxf3 47. Rb6 Rxh3 48. a6 Rh1+ 49. Bf1 Bxd5 50. exd5 c4 51. a7 Bc3+ 52. Kf2 Rh2+ 53. Bg2 h3 54. a8Q Bd4+ 55. Kf3 hxg2 56. Rb1 Rh1 57. Kxg2 Rxb1 58. d6 Rb2+ 59. Kf3 Rb3+ 60. Ke4 Bb6 61. Kf5 Rf3+ 62. Qxf3 1-0

[Event "Wch U14 Girls"]
[Site "Mamaia"]
[Date "2022.09.10"]
[Round "5"]
[White "Sosovickova, Martina"]
[Black "Natoli, Alessia"]
[Result "1-0"]
[WhiteElo "1855"]
[BlackElo "1738"]
[PlyCount "87"]
[EventDate "2022.09.06"]
[EventType "swiss"]
[EventRounds "11"]
[EventCountry "ROU"]
[SourceTitle "CBM 210 Extra"]
[Source "ChessBase"]
[SourceDate "2022.11.30"]
[SourceVersion "1"]
[SourceVersionDate "2022.11.30"]
[SourceQuality "1"]

1. e4 c6 2. d4 d5 3. Nc3 dxe4 4. Nxe4 Nd7 5. Ng5 Ngf6 6. Bd3 e6 7. N1f3 Bd6 8. Qe2 h6 9. Ne4 Nxe4 10. Bxe4 Nf6 11. Bd3 0-0 12. Bd2 Qc7 13. Ne5 c5 14. c3 b6 15. g4 Bb7 16. Rg1 Nd7 17. f4 f6 18. Nxd7 Qxd7 19. 0-0-0 cxd4 20. Kb1 Bd5 21. c4 Bc6 22. Rdf1 f5 23. g5 g6 24. gxh6 Rf6 25. Be1 Kh7 26. Bh4 Rf7 27. Qf2 Rg8 28. Rg3 Bc7 29. Rfg1 Be4 30. Bxe4 fxe4 31. Qg2 Rff8 32. Rxg6 Qf7 33. Rg7+ Rxg7 34. hxg7 Rg8 35. Bf6 Qh5 36. Qxe4+ Qf5 37. Qxf5+ exf5 38. Bxd4 Bxf4 39. Rf1 Bh6 40. Rf2 f4 41. Rxf4 Kg6 42. Rf6+ Kh5 43. Rf7 Rc8 44. b3 1-0

[Event "Wch U14 Girls"]
[Site "Mamaia"]
[Date "2022.09.09"]
[Round "4"]
[White "Nurgaliyeva, Zarina"]
[Black "Natoli, Alessia"]
[Result "1-0"]
[WhiteElo "2088"]
[BlackElo "1738"]
[PlyCount "117"]
[EventDate "2022.09.06"]
[EventType "swiss"]
[EventRounds "11"]
[EventCountry "ROU"]
[SourceTitle "CBM 210 Extra"]
[Source "ChessBase"]
[SourceDate "2022.11.30"]
[SourceVersion "1"]
[SourceVersionDate "2022.11.30"]
[SourceQuality "1"]

1. e4 d6 2. d4 Nf6 3. Nc3 e5 4. Nf3 Nbd7 5. Bc4 Be7 6. 0-0 0-0 7. a4 c6 8. Ba2 b6 9. Re1 a6 10. h3 Bb7 11. Rb1 Qc7 12. Nh4 Rfe8 13. Nf5 Bf8 14. Qd3 exd4 15. Qxd4 d5 16. Bg5 c5 17. Qd2 dxe4 18. Bh4 g6 19. Nh6+ Bxh6 20. Qxh6 Qe5 21. Rbd1 Nf8 22. Bg3 Qf5 23. Qe3 Bc6 24. Rd6 Rac8 25. Bh4 N6d7 26. Bc4 Bb7 27. Red1 Ne5 28. Bf1 Rc6 29. Rd8 Rce6 30. Rxe8 Rxe8 31. Rd6 Nfd7 32. Be2 g5 33. Bg3 Re6 34. Rd1 h6 35. Bf1 Kg7 36. Re1 Nf6 37. Kh1 Nc6 38. Bc4 Re8 39. Bc7 Nd4 40. Rc1 Qd7 41. Bxb6 Qc6 42. a5 Re5 43. Ne2 Nf5 44. Qc3 e3 45. f3 Qd6 46. Qd3 Qxd3 47. Bxd3 Nh4 48. Rd1 Re7 49. Bxc5 Re8 50. Bd4 h5 51. Ng3 g4 52. Nxh5+ Kh6 53. Nxf6 gxf3 54. Bxe3+ Rxe3 55. Ng4+ Kg5 56. Nxe3 Kf4 57. gxf3 Kxf3 58. Kh2 Kxe3 59. Kg3 1-0

[Event "POL-ch U12 Girls"]
[Site "Uniejow"]
[Date "2021.07.24"]
[Round "8"]
[White "Kicinska, Anna"]
[Black "Natoli, Alessia"]
[Result "0-1"]
[WhiteElo "1149"]
[BlackElo "1621"]
[PlyCount "94"]
[EventDate "2021.07.18"]
[EventType "swiss"]
[EventRounds "9"]
[EventCountry "POL"]
[SourceTitle "EXT 2022"]
[Source "ChessBase"]
[SourceDate "2021.10.06"]
[SourceVersion "1"]
[SourceVersionDate "2021.10.06"]
[SourceQuality "1"]

1. d4 Nf6 2. Nf3 d6 3. Bg5 Nbd7 4. Nbd2 e5 5. c3 Be7 6. e4 exd4 7. cxd4 Nxe4 8. Nxe4 d5 9. Nc3 Bxg5 10. Qe2+ Be7 11. Nxd5 c6 12. Nxe7 Qxe7 13. 0-0-0 Nb6 14. Qxe7+ Kxe7 15. Bd3 f6 16. Rhe1+ Kf7 17. Re2 Be6 18. Rde1 Rae8 19. Nd2 Nc8 20. a3 Nd6 21. a4 g6 22. h3 Bd5 23. g3 Rxe2 24. Rxe2 Rd8 25. Kc2 Ne8 26. Kc3 Nc7 27. Bc4 Ne6 28. Bxd5 Rxd5 29. Nb3 h5 30. f4 h4 31. f5 Rxf5 32. Re3 hxg3 33. Rxg3 Rf4 34. Rd3 b6 35. a5 Rh4 36. a6 Nf4 37. Rd2 Rxh3+ 38. Kb4 Nd5+ 39. Ka3 Ke7 40. Rg2 g5 41. Re2+ Kd7 42. Rc2 g4 43. Rg2 f5 44. Ka2 Nb4+ 45. Kb1 Rh1+ 46. Nc1 Nd3 47. Rc2 Rxc1+ 0-1

[Event "POL-ch U12 Girls"]
[Site "Uniejow"]
[Date "2021.07.22"]
[Round "6"]
[White "Duda, Aleksandra"]
[Black "Natoli, Alessia"]
[Result "0-1"]
[WhiteElo "1431"]
[BlackElo "1621"]
[PlyCount "112"]
[EventDate "2021.07.18"]
[EventType "swiss"]
[EventRounds "9"]
[EventCountry "POL"]
[SourceTitle "EXT 2022"]
[Source "ChessBase"]
[SourceDate "2021.10.06"]
[SourceVersion "1"]
[SourceVersionDate "2021.10.06"]
[SourceQuality "1"]

1. d4 d5 2. Nf3 Nf6 3. Bf4 e6 4. e3 c5 5. c3 Nc6 6. Bd3 Bd6 7. Bxd6 Qxd6 8. 0-0 0-0 9. Nbd2 b6 10. h3 Bb7 11. Re1 Rad8 12. Bc2 Rfe8 13. Qe2 e5 14. dxc5 bxc5 15. Qb5 Rb8 16. Qa4 Ba8 17. Qa3 Qe7 18. Rab1 Rb6 19. Nb3 c4 20. Qxe7 Rxe7 21. Nbd2 Ra6 22. Ra1 Na5 23. b3 Rc6 24. b4 Nb7 25. e4 dxe4 26. Nxe4 Nd5 27. Rad1 Nb6 28. Nc5 f6 29. Nxb7 Bxb7 30. Rd8+ Kf7 31. Be4 Rc8 32. Rxc8 Nxc8 33. Bxb7 Rxb7 34. Rd1 Nb6 35. Kf1 Na4 36. Rc1 Rd7 37. Ne1 Rd2 38. Rc2 Rxc2 39. Nxc2 Nxc3 40. a3 Nb5 41. Ke1 Ke6 42. Kd2 f5 43. a4 Nd6 44. f3 f4 45. Kc3 Kd5 46. Kd2 g5 47. Ne1 Nf5 48. Nc2 Ne3 49. Ne1 Kd4 50. Kc1 Kc3 51. b5 Kb4 52. Kb2 Kxa4 53. Kc3 Kxb5 54. Kb2 Kb4 55. Kc1 Kc3 56. Kb1 Kd2 0-1

[Event "EU-ch Amateur Online Final 1400/1700"]
[Site "Tornelo INT"]
[Date "2021.04.18"]
[Round "8"]
[White "Natoli, Alessia"]
[Black "Tsilimparis, Ioannis"]
[Result "0-1"]
[WhiteElo "1451"]
[BlackElo "1659"]
[PlyCount "144"]
[EventDate "2021.04.18"]
[EventType "swiss (rapid)"]
[EventRounds "9"]
[EventCountry "NET"]
[SourceTitle "EXT 2023"]
[Source "ChessBase"]
[SourceDate "2022.10.05"]
[SourceVersion "1"]
[SourceVersionDate "2022.10.05"]
[SourceQuality "1"]

1. e4 d5 2. exd5 Qxd5 3. Nf3 Bg4 4. Be2 Nc6 5. d4 0-0-0 6. c4 Qf5 7. Be3 Bxf3 8. Bxf3 Nxd4 9. Bxd4 Qe6+ 10. Qe2 Qxe2+ 11. Kxe2 Rxd4 12. Nc3 e6 13. b3 a6 14. Rad1 Bc5 15. Ne4 Rxd1 16. Rxd1 Be7 17. Ke3 Nh6 18. Ke2 e5 19. g4 g6 20. g5 Nf5 21. Bg4 Rd8 22. Ng3 Rxd1 23. Kxd1 Bxg5 24. Nxf5 gxf5 25. Bxf5+ Kd8 26. Bxh7 Kd7 27. f3 Kd6 28. Kc2 Kc5 29. Kc3 a5 30. a3 Be3 31. b4+ axb4+ 32. axb4+ Kd6 33. Bg8 Ke6 34. Kd3 Bd4 35. Ke4 Bc3 36. b5 Be1 37. h3 Bf2 38. Bh7 Kf6 39. Bf5 Bg3 40. Bc8 b6 41. Bg4 Kg5 42. Bc8 f6 43. Bd7 Bf2 44. Bg4 Bc5 45. Bd7 Kh4 46. Bc8 Kg3 47. Bg4 Kf2 48. Bd7 Kg3 49. Be6 Be7 50. Bd7 Kh4 51. Be6 Kg5 52. Bd7 Kg6 53. Be6 Kg7 54. Bd7 Kf7 55. Bf5 Bf8 56. Kd5 Ke7 57. Kc6 Kd8 58. Bg4 Bd6 59. Bf5 Ke7 60. Kd5 Bc5 61. Bg4 Kf7 62. Bf5 Kg7 63. Bg4 Kg6 64. Kc6 f5 65. Bxf5+ Kxf5 66. Kxc7 Kf4 67. Kc6 Kxf3 68. Kd5 e4 69. h4 e3 70. h5 e2 71. h6 e1Q 72. h7 Qe4# 0-1

[Event "Krakow Olimpic op"]
[Site "Krakow"]
[Date "2019.10.04"]
[Round "1"]
[White "Kot, Jerzy"]
[Black "Natoli, Alessia"]
[Result "1-0"]
[WhiteElo "1983"]
[BlackElo "1315"]
[PlyCount "107"]
[EventDate "2019.10.04"]
[EventType "swiss"]
[EventRounds "5"]
[EventCountry "POL"]
[SourceTitle "EXT 2020"]
[Source "ChessBase"]
[SourceDate "2019.10.17"]
[SourceVersion "1"]
[SourceVersionDate "2019.10.17"]
[SourceQuality "1"]

1. g3 e5 2. Bg2 d5 3. Nf3 Nc6 4. 0-0 Bg4 5. h3 Bxf3 6. Bxf3 Nf6 7. Bg2 Bc5 8. c4 Qd7 9. cxd5 Nxd5 10. Nc3 Nxc3 11. bxc3 0-0 12. Rb1 Rab8 13. Qa4 Qe6 14. e3 Nd8 15. d4 Bd6 16. Qxa7 Rc8 17. Qa4 c6 18. Qb3 Qxb3 19. axb3 Ne6 20. Bb2 Ra8 21. Ra1 Rfb8 22. Rfd1 exd4 23. exd4 Nc7 24. Rxa8 Rxa8 25. Ra1 Rxa1+ 26. Bxa1 Nd5 27. Bxd5 cxd5 28. c4 Kf8 29. Kf1 Ke7 30. Ke2 Ke6 31. Bc3 g5 32. Bd2 f6 33. Ba5 f5 34. Bd8 g4 35. hxg4 fxg4 36. Kd3 Ba3 37. Bg5 h5 38. Bd2 Kd6 39. Ke3 Ke6 40. Kf4 Be7 41. Ba5 Bf6 42. Bb6 Be7 43. Bc7 Bf6 44. Be5 Be7 45. c5 Bd8 46. b4 h4 47. Kxg4 hxg3 48. fxg3 Kf7 49. Kf5 b5 50. c6 Kg8 51. Ke6 Kf8 52. Kxd5 Kf7 53. Kc5 Ke6 54. Kxb5 1-0

[Event "EU-ch U08 Girls 27th"]
[Site "Mamaia"]
[Date "2017.09.08"]
[Round "4"]
[White "Zubkovskaya, Ekaterina"]
[Black "Natoli, Alessia"]
[Result "1/2-1/2"]
[WhiteElo "1399"]
[BlackElo "1216"]
[PlyCount "85"]
[EventDate "2017.09.05"]
[EventType "swiss"]
[EventRounds "9"]
[EventCountry "ROU"]
[SourceTitle "CBM 180 Extra"]
[Source "ChessBase"]
[SourceDate "2017.10.06"]
[SourceVersion "1"]
[SourceVersionDate "2017.10.06"]
[SourceQuality "1"]

1. e4 c5 2. Nf3 e6 3. d4 cxd4 4. Nxd4 Nf6 5. Bd3 a6 6. c4 Nc6 7. Nf3 d6 8. 0-0 Be7 9. Nc3 0-0 10. Qe2 Re8 11. Bd2 d5 12. e5 Nd7 13. Rad1 d4 14. Ne4 Ndxe5 15. Nxe5 Nxe5 16. Ng3 Nxd3 17. Qxd3 e5 18. f4 Bd6 19. Qf3 Qc7 20. Ne4 exf4 21. Nxd6 Qxd6 22. Bxf4 Qf6 23. Qb3 Qd8 24. Qg3 Qb6 25. Be5 d3+ 26. Kh1 Qg6 27. Rxd3 Qxg3 28. hxg3 Bg4 29. Rf4 Be2 30. Re3 Bh5 31. Bd4 Rxe3 32. Bxe3 Re8 33. Rd4 h6 34. Bf4 g5 35. Bc7 Re7 36. Bd8 Re2 37. Bf6 Re6 38. Rd8+ Kh7 39. Bc3 Re7 40. Rd4 f5 41. Rd8 Be8 42. Rd5 Bd7 43. Rd6 1/2-1/2